000 00877nam a2200277 a 4500
001 26336
003 CO-ViMGA
005 20230915223419.0
008 141112s2004 ck r 000 u spa d
020 _a9681650964
035 _aAHS0780 LA
040 _aCO-ViMGA
_bspa
_cCO-ViMGA
041 _aspa eng
043 _ae - uk - en
082 0 4 _aI808.068 C75m
100 1 _aCross, Gillian.
_92194
245 1 0 _aUn mapa de ninguna parte /
_cGillian Cross ; ilustraciones de Jorge Novelo ; traducción de Laura Emilia Pacheco.
260 _aMéxico :
_bFondo de Cultura Económica,
_c1996.
300 _a230 p. : il. ; 19 cm.
490 0 _aA la orilla del viento. para los grandes lectores ; 82
650 1 4 _aCuentos infantiles ingleses.
700 1 _aNovelo, Jorge, il.
942 _2ddc
_cBK
949 _an n
999 _c9880
_d9880